00363nam a22001337a 4500003000400000005001700004008004100021020001800062040002300080050001800103082001800121245005200139260003800191OSt20211130151216.0211130b |||||||| |||| 00| 0 eng d a0-309-03788-3 cHawassa University a799.12/FISb3 a799.12/FISb3 aFisheries Technologies for Developing Countries aUSAbNational Academy Pressc1988